000 01090cam a2200277 a 4500
001 000002350
005 20200929150204.0
008 070129s2008 nyua b 001 0 eng
020 _a9780415771160
020 _a0415771161
040 _aDO-SdBNP
_bspa
_cBNPHU
082 _a338.95195
_bH251e
100 1 _aHanson, E. Mark,
_d1946-
_97465
245 1 0 _aEconomic development, education and transnational corporations /
_cMark Hanson.
260 _aLondon ;
_aNew York :
_bRoutledge,
_c2008.
300 _axviii, 157 p. :
_bil. ;
_c24 cm.
490 1 _aRoutledge studies in development economics
_v61
500 _aIncluye índice
504 _aBibliografía: p. [146]-151.
650 0 _aEconomic development
_xEffect of education on
_zKorea (South{Rpara}
_97466
650 0 _aEconomic development
_xEffect of education on
_zMexico.
_97467
650 0 _aInternational business enterprises
_zKorea (South{Rpara}
_97468
650 0 _aInternational business enterprises
_zMexico.
_97469
830 0 _aRoutledge studies in development economics
_v61
_97470
910 _aCatalogación por copia / LC
999 _c2192
_d2192